[Event "Bogota McGregor op 3rd"]
[Site "Bogota"]
[Date "2012.12.12"]
[Round "2"]
[White "Becerra, Andres Mauricio"]
[Black "Gomez, Pedro"]
[Result "1-0"]
[WhiteElo "1874"]
[BlackElo "1718"]
[PlyCount "59"]
[EventDate "2012.12.12"]
[EventType "swiss"]
[EventRounds "9"]
[EventCountry "COL"]
[SourceTitle "EXT 2014"]
[Source "ChessBase"]
[SourceDate "2013.11.20"]
[SourceVersion "1"]
[SourceVersionDate "2013.11.20"]
[SourceQuality "1"]

1. d4 d5 2. c4 e6 3. Nc3 Nf6 4. Bf4 c6 5. Nf3 Be7 6. e3 0-0 7. h3 Nbd7 8. Bd3 a6 9. c5 b6 10. b4 bxc5 11. bxc5 Re8 12. 0-0 Bf8 13. Ne5 Nxe5 14. Bxe5 Nd7 15. Bg3 e5 16. Bf5 e4 17. Na4 g6 18. Bxd7 Bxd7 19. Rb1 f5 20. Rb7 Bc8 21. Rc7 Re7 22. Rxc6 Bb7 23. Rd6 Rd7 24. Rxd7 Qxd7 25. Nb6 Qf7 26. Nxa8 Bxa8 27. Qb3 Kg7 28. Rb1 Bc6 29. Qb6 Bb5 30. c6 1-0

[Event "Bogota op 10"]
[Site "Bogota"]
[Date "2012.10.16"]
[Round "6"]
[White "Palechor, Cesar Augusto"]
[Black "Becerra, Andres Mauricio"]
[Result "1-0"]
[WhiteElo "1768"]
[BlackElo "1947"]
[PlyCount "80"]
[EventDate "2012.10.11"]
[EventType "swiss"]
[EventRounds "9"]
[EventCountry "COL"]
[SourceTitle "EXT 2013"]
[Source "ChessBase"]
[SourceDate "2012.11.22"]
[SourceVersion "1"]
[SourceVersionDate "2012.11.22"]
[SourceQuality "1"]

1. e4 e5 2. Nf3 Nc6 3. Bb5 Nf6 4. Qe2 d6 5. c3 Bd7 6. 0-0 h6 7. Rd1 Nb8 8. Bc4 Qe7 9. d3 g6 10. Nbd2 Bg7 11. Nf1 0-0 12. Be3 c5 13. Ng3 a6 14. Qd2 Kh7 15. Bb3 Nc6 16. Rac1 b5 17. a3 Be6 18. Bc2 Bg4 19. Qe2 Rad8 20. h3 Bh5 21. Nxh5 Nxh5 22. g4 Nf4 23. Bxf4 exf4 24. Bb1 d5 25. d4 Rfe8 26. e5 cxd4 27. cxd4 Na5 28. Qd2 Nb3 29. Qxf4 Nxc1 30. Rxc1 Rc8 31. Re1 Qe6 32. Kg2 a5 33. g5 h5 34. Nh4 Rc4 35. Nf5 Bf8 36. Ne3 Rc7 37. Qf3 Rd8 38. Qxh5+ Kg7 39. Qf3 Rc4 40. Nxc4 bxc4 1-0

[Event "Bogota op 10"]
[Site "Bogota"]
[Date "2012.10.15"]
[Round "5"]
[White "Becerra, Andres Mauricio"]
[Black "Fleites Marti, Yuleikys"]
[Result "0-1"]
[WhiteElo "1947"]
[BlackElo "2156"]
[PlyCount "117"]
[EventDate "2012.10.11"]
[EventType "swiss"]
[EventRounds "9"]
[EventCountry "COL"]
[SourceTitle "EXT 2013"]
[Source "ChessBase"]
[SourceDate "2012.11.22"]
[SourceVersion "1"]
[SourceVersionDate "2012.11.22"]
[SourceQuality "1"]

1. c4 c5 2. Nc3 Nc6 3. Nf3 g6 4. b3 Bg7 5. Bb2 d6 6. h3 Nf6 7. e4 0-0 8. Bd3 Nh5 9. 0-0 Nf4 10. Be2 e6 11. Re1 Nd4 12. Rb1 Nfxe2+ 13. Nxe2 Nxf3+ 14. gxf3 e5 15. Kg2 Qg5+ 16. Ng3 h5 17. Bc1 f5 18. exf5 gxf5 19. h4 Qxh4 20. Rh1 Qg5 21. Rxh5 Qg6 22. Qc2 Kf7 23. Rxf5+ Bxf5 24. Qxf5+ Qxf5 25. Nxf5 Rad8 26. d3 Rg8 27. Kf1 Ke6 28. Ng3 d5 29. cxd5+ Rxd5 30. Ne4 b6 31. Be3 Rxd3 32. Ke2 Rdd8 33. Rg1 Bf6 34. Rh1 Rh8 35. Rg1 Rdg8 36. Rd1 Be7 37. a4 Rc8 38. Rc1 Rhd8 39. Nd2 Kf5 40. Ne4 a6 41. Rh1 Rh8 42. Rc1 Rh4 43. b4 Rxe4 44. fxe4+ Kxe4 45. f3+ Kd5 46. Rd1+ Kc6 47. Rc1 Rd8 48. a5 Rd5 49. axb6 Kxb6 50. Rb1 Kc6 51. bxc5 Bxc5 52. Rb2 a5 53. Bd2 a4 54. Bc3 Bd4 55. Kd3 Bxc3+ 56. Kxc3 Rb5 57. Re2 Kd5 58. Rd2+ Ke6 59. Kc4 0-1

[Event "Bogota Region-ch Amateur"]
[Site "Bogota"]
[Date "2012.03.03"]
[Round "3.10"]
[White "Heredia, Esteban"]
[Black "Becerra, Andres Mauricio"]
[Result "1-0"]
[WhiteElo "1718"]
[BlackElo "1947"]
[PlyCount "80"]
[EventDate "2012.03.01"]
[EventType "swiss"]
[EventRounds "7"]
[EventCountry "COL"]
[SourceTitle "EXT 2024"]
[Source "ChessBase"]
[SourceDate "2023.10.10"]
[SourceVersion "1"]
[SourceVersionDate "2023.10.10"]
[SourceQuality "1"]

1. e4 e5 2. Nf3 Nc6 3. Bb5 a6 4. Ba4 Nf6 5. 0-0 b5 6. Bb3 Be7 7. c3 0-0 8. Re1 Re8 9. d4 d6 10. h3 h6 11. Nbd2 Bf8 12. Bc2 Bd7 13. Nf1 Qc8 14. Ng3 g6 15. Kh2 Bg7 16. Nh4 Kh7 17. f4 exf4 18. Bxf4 Kg8 19. Qd2 h5 20. Bh6 Qd8 21. Bxg7 Kxg7 22. Qf4 Nh7 23. Rf1 Rf8 24. Nf3 Qf6 25. Qd2 Qe7 26. e5 Rae8 27. Qd3 d5 28. Nxh5+ Kg8 29. g4 Nd8 30. Qd2 gxh5 31. Bxh7+ Kxh7 32. Ng5+ Kh8 33. Rf6 Kg7 34. Nh7 Ne6 35. Nxf8 Rxf8 36. gxh5 Rh8 37. h6+ Kf8 38. Raf1 Ke8 39. Qf2 Rh7 40. Qg2 c6 1-0

[Event "Bogota Univ Central op-A 5th"]
[Site "Bogota"]
[Date "2011.10.17"]
[Round "9.1"]
[White "Salcedo, Jackeline"]
[Black "Becerra, Andres Mauricio"]
[Result "1/2-1/2"]
[WhiteElo "1944"]
[BlackElo "2261"]
[PlyCount "71"]
[EventDate "2011.10.13"]
[EventType "swiss"]
[EventRounds "9"]
[EventCountry "COL"]
[SourceTitle "EXT 2024"]
[Source "ChessBase"]
[SourceDate "2023.10.10"]
[SourceVersion "1"]
[SourceVersionDate "2023.10.10"]
[SourceQuality "1"]

1. c4 Nf6 2. Nc3 g6 3. e4 d6 4. d4 Nbd7 5. Nf3 e5 6. Be2 Bg7 7. 0-0 0-0 8. d5 Qe7 9. h3 c5 10. dxc6 bxc6 11. Be3 Rd8 12. a4 a5 13. Rb1 Rb8 14. Qd2 Nf8 15. Rfd1 Ba6 16. Qc2 Ne6 17. Na2 c5 18. Nc3 Nd4 19. Bxd4 exd4 20. Nd5 Nxd5 21. exd5 Bh6 22. Bd3 Bc8 23. Re1 Qf6 24. Qe2 Bd7 25. b3 Re8 26. Qd1 Rxe1+ 27. Nxe1 Qf4 28. Qf3 Qd2 29. Qe2 Qxe2 30. Bxe2 Bxa4 31. Bd1 Bd7 32. Bc2 Bf5 33. Nd3 Bxd3 34. Bxd3 a4 35. bxa4 Rxb1+ 36. Bxb1 1/2-1/2